=LDR 00000nam 2200000 4500 =001 INLIS000000000006045 =005 20130612094222 =008 ***********************************Ind** =035 ##$$0010-061300000006045 =041 ##$$a Ind =082 ##$$a 069.4 =090 ##$$a 069.4 Dat k =100 ##$$a Dato, Muh. Yamin =245 ##$$a Koleksi pilihan (clected colection Museum Negeri Prop.Sulawesi Selatan/Muh. Yamin Dato;Sahriah =260 ##$$a 1991 $b Sulawesi Selatan =300 ##$$a 78 hlm. : ilus. ; 22 cm =650 ##$$a Museum =850 ##$$a NBPNMAT